|
|
|
|
| LEADER |
00000naa2a2200000 4500 |
| 001 |
426177 |
| 005 |
20231101074511.0 |
| 035 |
|
|
|a (RuTPU)RU\TPU\prd\84900
|
| 035 |
|
|
|a RU\TPU\prd\33181
|
| 090 |
|
|
|a 426177
|
| 100 |
|
|
|a 20100630a2004 k y0rusy50 ca
|
| 101 |
0 |
|
|a rus
|
| 102 |
|
|
|a RU
|
| 200 |
1 |
|
|a Расчетно-теоретическая модель волнового умножающего импульсного реактора
|f В. Н. Родигин, В. В. Евдокимов, А. С. Запасская и др.
|
| 225 |
1 |
|
|a Статьи
|
| 320 |
|
|
|a Библиогр.: 7 назв.
|
| 461 |
|
1 |
|0 (RuTPU)RU\TPU\prd\33
|x 0004-7163
|t Атомная энергия
|o теоретический и научно-технический журнал
|f Российская академия наук ; Министерство РФ по атомной энергии, ядерного общества
|d 1956-
|
| 463 |
|
1 |
|0 (RuTPU)RU\TPU\prd\84898
|t Т. 97, вып. 6
|v с. 414-422
|d 2004
|
| 610 |
1 |
|
|a расчетно-теоретические модели
|
| 610 |
1 |
|
|a волновой умножающий импульсный реактор
|
| 610 |
1 |
|
|a цепная ядерная реакция
|
| 610 |
1 |
|
|a аварии
|
| 675 |
|
|
|a 621.039.51
|v 3
|
| 701 |
|
1 |
|a Родигин
|b В. Н.
|
| 701 |
|
1 |
|a Евдокимов
|b В. В.
|
| 701 |
|
1 |
|a Запасская
|b А. С.
|
| 701 |
|
1 |
|a Илькаев
|b Р. И.
|
| 701 |
|
1 |
|a Колесов
|b В. Ф.
|
| 701 |
|
1 |
|a Певницкий
|b А. В.
|
| 701 |
|
1 |
|a Пунин
|b В. Т.
|
| 701 |
|
1 |
|a Хоружий
|b В. Х.
|
| 701 |
|
1 |
|a Шагалиев
|b Р. М.
|
| 701 |
|
1 |
|a Шумилин
|b В. А.
|
| 801 |
|
1 |
|a RU
|b 63413507
|c 20050228
|g PSBO
|
| 801 |
|
2 |
|a RU
|b 63413507
|c 20100630
|g RCR
|
| 942 |
|
|
|c BK
|